000 00570nam a22001817a 4500
005 20171128105257.0
010 _aENG-121580
020 _a9789382749042
_c250.00
035 _aEN-105112
037 _bDBAD/PUB
082 _a881
245 _aWings over the Mahanadi :
_cconceived by Manu Dash
_beight Odia - english poets /
260 _aMumbai
_bPoetrywala
_c2014
270 _a1701/1702, 6A Whispering Palms, Lokhandwala Township, Kandivali
_bMumbai
_e400101
300 _a89p,
_c22cm(pbk)
700 _aDash, Manu
942 _2ddc
_cEN
_h881
_mWIN
999 _c147701
_d147701